Discurso sobre el concepto clínico de la difteria (Record no. 161621)

MARC details
000 -LEADER
campo de control de longitud fija 00671nam a2200169 i 4500
001 - NÚMERO DE CONTROL
campo de control 161621
003 - IDENTIFICADOR DE NÚMERO DE CONTROL
campo de control ES-MaACL
005 - FECHA Y HORA DE LA ÚLTIMA TRANSACCIÓN
campo de control 20230906212327.0
008 - DATOS DE LONGITUD FIJA--INFORMACIÓN GENERAL
campo de control de longitud fija 020924s1890 sp |||| | spa d
040 ## - FUENTE DE CATALOGACIÓN
Centro catalogador/agencia de origen CCPB | B
Lengua de catalogación spa
Centro/agencia transcriptor CCPB | B
100 1# - ENTRADA PRINCIPAL--NOMBRE DE PERSONA
Nombre de persona Peláez y Quintana, Timoteo.
9 (RLIN) 130956
245 10 - MENCIÓN DEL TÍTULO
Título Discurso sobre el concepto clínico de la difteria
Resto del título : tesis del doctorado /
Mención de responsabilidad, etc. por Timoteo Pelaez y Quintana.
260 ## - PUBLICACIÓN, DISTRIBUCIÓN, ETC.
Lugar de publicación, distribución, etc. Madrid :
Nombre del editor, distribuidor, etc. [s.n.],
Fecha de publicación, distribución, etc. 1890 (
Fabricante establecimiento tipográfico de Tomás Minuesa)
300 ## - DESCRIPCIÓN FÍSICA
Extensión 56 p. ;
Dimensiones 23 cm.
650 #4 - PUNTO DE ACCESO ADICIONAL DE MATERIA--TÉRMINO DE MATERIA
Término de materia o nombre geográfico como elemento de entrada Difteria.
9 (RLIN) 135926
852 ## - LOCALIZACIÓN
Ubicación ES-MaACL
Número de control de estantería T-528-F-5
Nota libre -- Enc. hol., conservando la cub. original
-- -- Enc. en un vol. facticio
Holdings
Estatus retirado Estado de pérdida Estado de daño No para préstamo Colección Biblioteca de origen Biblioteca actual Ubicación en estantería Fecha de adquisición Total de préstamos Signatura topográfica completa Código de barras Visto por última vez Precio de reemplazo Tipo de ítem Koha
        Colección de folletos Biblioteca del Ateneo de Madrid Biblioteca del Ateneo de Madrid Depósito folletos 17/01/2008   T-528-F-5 1169299 23/02/2023 23/02/2023 Folleto